鬼吹燈II . 黃皮子墳 . 壹
| 資料類型: | 圖書 | 書目號: | 51033 |
Leader xxxxxxxxxx 001 __ 102459/9/02 005 __ 20170410105854.842 010 0_ |a978-986-361-085-4|b全套 : 平裝|d新臺幣360元 100 __ |a20170410d2014 k y0chiy50 e 101 0_ |achi 102 __ |atw 105 __ |ay z 000ay 200 1_ |a鬼吹燈II|h壹|i黃皮子墳|f天下霸唱著 205 __ |a初版 210 __ |a臺北市|c高寶國際|d2014[民103] 215 0_ |a2冊|d21公分 225 12 |a戲非戲|v191 517 1_ |a黃皮子墳|zchi 700 _0 |a天下霸唱|4著 681 __ |a857.7|b8734 v.1 801 _0 |atw|bLibDipper|c20170410|gCCR |